LEADER 03021oam 2200637I 450 001 9910451212203321 005 20200520144314.0 010 $a1-134-44062-6 010 $a1-138-97487-0 010 $a0-203-46489-3 010 $a1-280-02456-9 024 7 $a10.4324/9780203464892 035 $a(CKB)1000000000254731 035 $a(EBL)181889 035 $a(OCoLC)437084708 035 $a(SSID)ssj0000297157 035 $a(PQKBManifestationID)11246259 035 $a(PQKBTitleCode)TC0000297157 035 $a(PQKBWorkID)10334449 035 $a(PQKB)11043663 035 $a(MiAaPQ)EBC181889 035 $a(Au-PeEL)EBL181889 035 $a(CaPaEBR)ebr10101182 035 $a(CaONFJC)MIL2456 035 $a(OCoLC)54662778 035 $a(EXLCZ)991000000000254731 100 $a20180331d2003 uy 0 101 0 $aeng 135 $aur|n|---||||| 181 $ctxt 182 $cc 183 $acr 200 04$aThe future of physical education $ebuilding a new pedagogy /$fedited by Anthony Laker ; foreword by George Sage 210 1$aLondon ;$aNew York :$cRoutledge,$d2003. 215 $a1 online resource (191 p.) 225 1 $aRoutledge research in education ;$v6 300 $aDescription based upon print version of record. 311 $a0-203-47606-9 311 $a0-415-28892-4 320 $aIncludes bibliographical references and index. 327 $aBook Cover; Title; Copyright; Contents; 1 Physical education and educational sport a philosophical justification; 2 Sport in culture; 3 Citizenship sport and physical education; 4 Social responsibility through physical activity; 5 Reflective practice goes public reflection governmentality and postmodernity; 6 The pedagogy of motor skill learning teachers and students; 7 Sport education; 8 Physical education in the digital postmodern era; 9 The future of physical education is this the new pedagogy; Index 330 $aAnthony Laker leads an outstanding international team of educational theorists in critically examining the theoretical underpinnings of physical education, and in challenging the rhetoric, the practices and the pedagogies that prevail in our schools. There has been a great deal of discussion surrounding the value of this subject in schools, particularly around the form that physical education should take. The domination of physical education teaching by the scientific / technical discourses is problemized and it is suggested that this domination limits the potential of the subject to be cultur 410 0$aRoutledge research in education ;$v6. 606 $aPhysical education and training 606 $aSchool sports 608 $aElectronic books. 615 0$aPhysical education and training. 615 0$aSchool sports. 676 $a613.7/07 701 $aLaker$b Anthony$f1951-$0967237 801 0$bFlBoTFG 801 1$bFlBoTFG 906 $aBOOK 912 $a9910451212203321 996 $aThe future of physical education$92272319 997 $aUNINA LEADER 01143nam a2200289 i 4500 001 991003849729707536 005 20030103124939.0 008 021001s1986 it ||| | ita 020 $a882210112X 035 $ab1187353x-39ule_inst 035 $aPRUMB66431$9ExL 040 $aDip.to SSSC$bita 082 0 $a372 100 1 $aChiantera, Angela$0155852 245 12$aL'adulto e il linguaggio del bambino :$bun modello di educazione linguistica per la fascia 0-6 anni /$cAngela Chiantera, Annamaria Rosetti 260 $aFirenze :$bLa nuova Italia,$c1986 300 $aVII, 148 p. ;$c21 cm. 490 0 $aDidattica viva ;$v74 650 4$aLinguaggio$xApprendimento 650 4$aLinguaggio - Insegnamento$xScuola materna 700 1 $aRosetti, Annamaria$eauthor$4http://id.loc.gov/vocabulary/relators/aut$0155853 907 $a.b1187353x$b28-04-17$c07-01-03 912 $a991003849729707536 945 $aLE021 DI3A54$g1$i2021000204234$lle021$o-$pE0.00$q-$rl$s- $t0$u7$v0$w7$x0$y.i12127632$z07-01-03 996 $aAdulto e il linguaggio del bambino$9469633 997 $aUNISALENTO 998 $ale021$b01-01-02$cm$da $e-$fita$git $h2$i1 LEADER 01026cam0-2200349---450 001 990005876850403321 005 20260217125020.0 010 $a88-17-11683-1 035 $aFED01000587685 035 $a(Aleph)000587685FED01 035 $a000587685 100 $a20000421d1999----km-y0itay50------ba 101 0 $aita 102 $aIT 105 $ay-------001yb 200 1 $aCara Eleonora$fMaria Antonietta Macciocchi. 205 $a4. ed. 210 $aMilano$cRizzoli$d1999. 215 $a399 p$d20 cm 225 1 $aSuperbur saggi 512 1 $aCara Eleonora : passione e morte della Fonseca Pimentel nella rivoluzione napoletana 610 0 $aRepubblica partenopea. 1799 610 0 $aFonseca Pimentel, Eleonora 676 $a945.7082092 700 1$aMacciocchi,$bMaria Antonietta$f<1922-2007>$0132790 801 0$aIT$bUNINA$gRICA$2UNIMARC 901 $aBK 912 $a990005876850403321 952 $a945.7082 MAC 01$bBibl.29926$fFLFBC 959 $aFLFBC 996 $aCara Eleonora$9564271 997 $aUNINA